Länder in Kontinenten - Statistiken

Allgemein
  • Dieses Quiz wurde 397 mal gespielt
  • Das Durchschnittsergebnis liegt bei 6 aus 6
Antwortstatistiken
Frage Antwort % Korrekt
Welches Land liegt nicht in Nordamerika? Chile
100%
Welches Land liegt nicht in Europa? Libanon
95%
Welches Land liegt nicht in Ozeanien? Malaysia
95%
Welches Land liegt nicht in Asien? Papua-Neuguinea
95%
Welches Land liegt nicht in Südamerika? Senegal
95%
Welches Land liegt nicht in Afrika? Jemen
89%
Keine übereinstimmenden Quizze gefunden
Verteilung der Resultate
Anzahl Personen mit jedem Resultat
Perzentil nach korrekt beantworteten Fragen
Ihre Resultats-Entwicklung
Sie haben dieses Quiz noch nicht gespielt